Business Statistics (Record no. 5127)

MARC details
000 -LEADER
fixed length control field 00330nam a2200145Ia 4500
008 - FIXED-LENGTH DATA ELEMENTS--GENERAL INFORMATION
fixed length control field 191201s2011 xx 000 0 und d
082 ## - DEWEY DECIMAL CLASSIFICATION NUMBER
Classification number 519.521
Item number LEB
100 ## - MAIN ENTRY--PERSONAL NAME
Personal name LEVINE, David M
245 #0 - TITLE STATEMENT
Title Business Statistics
250 ## - EDITION STATEMENT
Edition statement 5th
260 ## - PUBLICATION, DISTRIBUTION, ETC. (IMPRINT)
Place of publication, distribution, etc N. delhi
Name of publisher, distributor, etc pearson
Date of publication, distribution, etc 2011
300 ## - PHYSICAL DESCRIPTION
Extent 665
650 ## - SUBJECT ADDED ENTRY--TOPICAL TERM
Topical term or geographic name as entry element BBA
942 ## - ADDED ENTRY ELEMENTS (KOHA)
Source of classification or shelving scheme Dewey Decimal Classification
Koha item type Text Books
942 ## - ADDED ENTRY ELEMENTS (KOHA)
-- 3
Holdings
Withdrawn status Lost status Source of classification or shelving scheme Damaged status Not for loan Collection code Home library Current library Date acquired Source of acquisition Cost, normal purchase price Bill Number Total Checkouts Full call number Acc. no. / Barcode Date last seen Date last borrowed Bill Date Koha item type Checked out
    Dewey Decimal Classification     BBA PIET C-LIBRARY PIET C-LIBRARY 18/02/2012 IBH, New Delhi 575.00 18200 1 658.083 LEB 18861 22/06/2022 24/01/2022 08/02/2012 Text Books  
    Dewey Decimal Classification     BBA PIET C-LIBRARY PIET C-LIBRARY 18/02/2012 IBH, New Delhi 575.00 18200   658.083 LEB 18862 04/12/2019   08/02/2012 Text Books  
    Dewey Decimal Classification     BBA PIET C-LIBRARY PIET C-LIBRARY 18/02/2012 IBH, New Delhi 575.00 18200   658.083 LEB 18863 04/12/2019   08/02/2012 Text Books  
    Dewey Decimal Classification     BBA PIET C-LIBRARY PIET C-LIBRARY 18/02/2012 IBH, New Delhi 575.00 18200 2 658.083 LEB 18864 20/01/2022 20/01/2022 08/02/2012 Text Books 19/07/2022

Design & Developed by: PIET Central Library
R70 Miles Stone Pattikalyana Samalkha Panipat 132102
mail ID :- [email protected], Phone No:- 0180-2569700 Ex.216